U.S. Visitor and Immigrant Status Indicator Technology Program (US-VISIT).

Examines implementation of Department of Homeland Security U.S. Visitor and Immigrant Status Indicator Technology (US-VISIT) program, an interagency initiative to collect, maintain, and share information, including biometric identifiers, on certain foreign nationals traveling to the U.S. Discusses v...

Full description

Bibliographic Details
Corporate Authors: Library of Congress. Congressional Research Service, ProQuest (Firm)
Format: eBook
Language:English
Published: [Place of publication not identified] : [publisher not identified], 2004.
Series:U.S. Congressional Research.
Subjects:
Online Access:Connect to the full text of this electronic book

MARC

Tag First Indicator Second Indicator Subfields
LEADER 00000cam a22000001a 4500
001 in00003302002
006 m d f
007 cr bn mmmapmmp
008 101101s2004 dcu o f000 0 eng d
005 20260429180838.4
035 |a cis2007843650 
040 |a ProQuest  |c ProQuest  |d UtOrBLW 
043 |a n-us--- 
099 |a CRS-2004-DSP-0323 
110 2 |a Library of Congress.  |b Congressional Research Service. 
245 1 0 |a U.S. Visitor and Immigrant Status Indicator Technology Program (US-VISIT). 
264 1 |a [Place of publication not identified] :  |b [publisher not identified],  |c 2004. 
300 |a 1 online resource. 
336 |a text  |b txt  |2 rdacontent 
337 |a computer  |b c  |2 rdamedia 
338 |a online resource  |b cr  |2 rdacarrier 
500 |a Record is based on bibliographic data in ProQuest U.S. Congressional Research Digital Collection (last viewed Nov. 2010). Reuse except for individual research requires license from ProQuest, LLC. 
500 |a CRS Report. 
520 |a Examines implementation of Department of Homeland Security U.S. Visitor and Immigrant Status Indicator Technology (US-VISIT) program, an interagency initiative to collect, maintain, and share information, including biometric identifiers, on certain foreign nationals traveling to the U.S. Discusses various laws that require development and implementation of an integrated entry and exit data system, the status of US-VISIT, and other selected issues, including US-VISIT scope and authority. 
500 |a Electronic resource. 
650 0 |a Border security. 
650 0 |a Governmental investigations  |z United States. 
650 0 |a Technological innovations. 
655 7 |a Electronic books.  |2 local 
710 2 |a ProQuest (Firm) 
776 0 8 |i Microfiche version:   |a Library of Congress. Congressional Research Service.  |t U.S. Visitor and Immigrant Status Indicator Technology Program (US-VISIT) 
830 0 |a U.S. Congressional Research. 
856 4 0 |u http://proxy.library.tamu.edu/login?url=https://congressional.proquest.com/congcomp/getdoc?CRDC-ID=CRS-2004-DSP-0323  |z Connect to the full text of this electronic book  |t 0 
999 |a MARS 
999 f f |s bcc0b581-71cb-3c98-b403-d820665c3c2a  |i 0d763bd6-45be-3e74-9f47-112c5339f3bf  |t 0 
952 f f |a Texas A&M University  |b College Station  |c Electronic Resources  |s www_evans  |d Available Online  |t 0  |e CRS-2004-DSP-0323  |h Other scheme 
998 f f |a CRS-2004-DSP-0323  |t 0  |l Available Online